000 00667nam a2200229 a 4500
001 53211
003 BD-RjUL
005 20211209075927.0
008 161004s1986 nyua b 001 0 eng
020 _a0444009426
035 _a(BD-RjUL)53331
040 _aDLC
_cDLC
_dBD-RjUL
_beng
041 _aeng
082 0 0 _a624.151
_223
_bRAE 1986
100 1 _aRahn, Perry H.
_d1936-
_9159052
245 1 0 _aEngineering geology :
_ban environmental approach /
_cPerry H. Rahn.
260 _aNew York :
_bElsevier,
_cc1986.
300 _axv, 589 p. :
_bill. ;
_c27 cm.
504 _aIncludes index and Bibliography
650 0 _aEngineering geology.
_9159053
942 _2ddc
_cBK
999 _c53211
_d53211